10 Closest Capitals to Madrid Quiz Stats

 Plays Quiz Updated Aug 16, 2018

Challenge
Share
Tweet
Embed
Score 0/10 Timer 02:00
16 Plays Today
Capital % Correct
Paris, France
98.5%
Lisbon, Portugal
96%
London, United Kingdom
80.7%
Bern, Switzerland
69.1%
Monaco, Monaco
68.5%
Tunis, Tunisia
66%
Algiers, Algeria
64.8%
Andorra La Vella, Andorra
63.5%
Rabat, Morocco
63.1%
Luxembourg, Luxembourg
54.6%

You're not logged in!

Compare scores with friends on all Sporcle quizzes.
OR
Log In

You Might Also Like...

Show Comments

Extras

Top Quizzes Today


Score Distribution

Your Account Isn't Verified!

In order to create a playlist on Sporcle, you need to verify the email address you used during registration. Go to your Sporcle Settings to finish the process.

Report this User

Report this user for behavior that violates our Community Guidelines.

Details: